Histoire par lettre - J - Statistiques

Statistiques générales
  • Ce quiz a été pris 178 fois
  • Le résultat moyen est 11 sur 15
Statistiques - réponses
Questions Réponses % Correct
Qui est le fils de Dieu dans la religion chrétienne ? Jésus-Christ
99%
Quel est le prénom que les papes ont le plus porté dans l'histoire ? Jean
97%
Quelle ville du Moyen-Orient est un des centres des trois religions monothéistes ? Jérusalem
97%
Quel célèbre charpentier est son père adoptif ? Joseph
96%
Quel pays a subi l'attaque de deux bombes nucléaires les 6 et 9 Août 1945 ? Japon
95%
Quelle jeune femme est un symbole de la résistance française aux armées anglaises durant la Guerre de Cent Ans ? Jeanne d'Arc
92%
Quel homme dont l'identité est à ce jour inconnue, a semé la terreur à Londres en 1888 ? Jack l'éventreur
87%
Qui était la première femme de Napoléon Ier ? Joséphine de Beauharnais
86%
Quelle période géologique se situe entre le Trias et le Crétacé ? Jurassique
81%
Quel maire de Bordeaux a été Premier Ministre de 1995 à 1997 ? Alain Juppé
69%
Quel journaliste et homme politique a été assassiné à la veille de la Première Guerre Mondiale ? Jean Jaurès
63%
Quel président était le principal rédacteur de la Déclaration d'indépendance américaine ? Thomas Jefferson
51%
Quelle péninsule danoise a donné son nom à une bataille de 1916 ? Jutland
36%
Quel homme soviétique était considéré comme le meilleur chef militaire de la Seconde Guerre Mondiale ? Gueorgui Joukov
18%
Quel homme romain a été empereur de 361 à 363 ? Julien
18%
Aucun quiz correspondant
Distribution des résultats
% des personnes avec chaque résultat
Percentile par nombre de réponses
Votre historique - résultats
Vous n’avez pas pris ce quiz